| 000 | 00384nam a2200145Ia 4500 | ||
|---|---|---|---|
| 005 | 20251222153601.0 | ||
| 008 | 251222s9999||||xx |||||||||||||| ||spa|| | ||
| 020 | _a9789871577675 | ||
| 082 | _a382.6/A39 | ||
| 100 | _aAleksink, Néstor | ||
| 245 | 0 | _aFundamentos para un Proyecto de Exportación | |
| 250 | _a2a.ed. | ||
| 264 | _bOsma D. Buyatti- Librería Editorial | ||
| 942 | _cLIB | ||
| 999 |
_c31211 _d31211 |
||